U.S. States with the Highest Cancer Rates - Statistics

General Stats
  • This quiz has been taken 35 times
  • The average score is 8 of 10
Answer Stats
# Country % Correct
484.3 New York
89%
464.0 West Virginia
82%
483.1 New Jersey
79%
483.0 Pennsylvania
79%
476.3 Louisiana
75%
474.2 Connecticut
71%
502.0 Delaware
71%
479.2 New Hampshire
71%
479.4 Rhode Island
71%
511.7 Kentucky
64%
No matching quizzes found
Score Distribution
Percent of People with Each Score
Percentile by Number Answered
Your Score History
You have not taken this quiz